| 000 | 01622nam a22003857a 4500 | ||
|---|---|---|---|
| 001 | 00341 | ||
| 003 | DO-SdBNP | ||
| 005 | 20180307095954.0 | ||
| 007 | 00341 | ||
| 008 | 160510b 2004 ||| |||| 00| 0 spa d | ||
| 020 | _a8482616900 | ||
| 040 |
_aBPMSU _bspa _cBPMSU |
||
| 082 | 0 | 4 |
_a372.832 _b M828c 4to. 2004 |
| 100 | 1 | _aMorales, Marcos | |
| 245 | 1 |
_aCívica 4 : _beducación media / _cMarcos Morales ; dirección editorial Obdulia García de Escobar ; editora Margarita Castro Catrain; José Luis Abad. |
|
| 260 |
_aSanto Domingo : _bSantillana, _c2004 |
||
| 300 |
_a119 p. : _bil., retrs. ; _c29 cm. |
||
| 490 | 1 | _aÁmbar | |
| 500 | _a Este libro ha sido realizado de conformidad con el currículum vigente y ha sido sometido a la aprobación de la SEE | ||
| 500 | _aCuarto de bachillerato 2do. curso /segundo ciclo | ||
| 505 |
_tEl régimen municipal -- _tDemocracia y autoritarismo -- _tLa sociedad política -- _tLa sociedad civil -- _tEl sistema electoral -- _tLa globalización -- _tGlobalización y cultura |
||
| 650 | 4 |
_aEDUCACIÓN CÍVICA _xENSEÑANZA BÁSICA |
|
| 650 | 4 |
_aEDUCACIÓN CÍVICA _xEDUCACIÓN PRIMARIA |
|
| 650 | 4 |
_aEDUCACIÓN CÍVICA _xLIBROS DE TEXTOS |
|
| 650 | 4 |
_aEDUCACIÓN CÍVICA _xESTUDIOS Y EJERCICIOS |
|
| 650 | 4 |
_aEDUCACIÓN PRIMARIA _zREPÚBLICA DOMINICANA |
|
| 700 | 1 |
_aGarcía de Escobar, Obdulia, _e ed. |
|
| 700 | 1 |
_aCastro Catrain, Margarita, _eed. |
|
| 700 | 1 | _eAbad, José Luis | |
| 830 | _aÁmbar | ||
| 910 | _aValidado. Control de calidad MFF | ||
| 942 |
_2ddc _cBK |
||
| 945 | _ainventariado, 2018 / dg | ||
| 956 |
_aVMATEO _210 _320160513 _6BPMSU _80069 |
||
| 999 |
_c10141 _d10141 |
||